Cơ sở lí thuyết số và đa thức

Những kiến thức nền tảng về cơ sở lí thuyết số và đa thức thức gồm: lí thuyết chia hết trong vành các số nguyên, các hàm số học, lí thuyết đồng dư, phương trình đồng dư, sơ đồ xây dựng số, liên phân số, đa thức

Salvato in:
Dettagli Bibliografici
Autore principale: Dương Quốc Việt (Chủ biên)
Altri autori: Đàm Văn Nhỉ (Tác giả bổ sung)
Natura: Libro
Lingua:Vietnamese
Pubblicazione: H. Đại học Sư phạm 2008
Soggetti:
Tags: Aggiungi Tag
Nessun Tag, puoi essere il primo ad aggiungerne! !
Thư viện lưu trữ: Mạng thư viện Đại học Đà Nẵng
LEADER 01473nam a2200361 4500
001 000008003
003 4183
005 20121010141059.0
008 111013s2008 viesd
020 |c 40000đ 
041 0 |a vie 
082 |a 512.7  |b DƯ-V 
100 0 |a Dương Quốc Việt  |e Chủ biên 
245 0 |a Cơ sở lí thuyết số và đa thức  |c Dương Quốc Việt (Chủ biên); Đàm Văn Nhỉ (Tác giả bổ sung) 
260 |a H.  |b Đại học Sư phạm  |c 2008 
300 |a 250 tr.  |c 24 cm 
504 |a Thư mục: tr. 251 
520 |a Những kiến thức nền tảng về cơ sở lí thuyết số và đa thức thức gồm: lí thuyết chia hết trong vành các số nguyên, các hàm số học, lí thuyết đồng dư, phương trình đồng dư, sơ đồ xây dựng số, liên phân số, đa thức 
653 |a Lý thuyết số 
653 |a Toán cao cấp 
653 |a Đa thức 
700 |a Đàm Văn Nhỉ  |e Tác giả bổ sung 
910 |a duyên 
OWN |a LSP 
AVA |a UDN50  |b LSP  |d 512.7 DƯ-V  |e check_holdings  |t Error 5003 Not defined in file expand_doc_bib_avail.  |h N  |k 1 
999 |a From the UDN01 
AVA |a UDN50  |b LSP  |d 512.7 DƯ-V  |e available  |t Error 5001 Not defined in file expand_doc_bib_avail.  |f 50  |g 0  |h N  |i 4  |k 1 
TYP |a Monograph 
TYP |a Printed language 
980 |a Mạng thư viện Đại học Đà Nẵng